000 00638nam a2200121Ia 4500
008 220616s9999||||xx |||||||||||||| ||und||
245 0 _aEvidence-Based School Development in Changing Demographic Contexts
546 _aEnglish[eng]
650 _aleadership development||Leadership teams||Leadership capacity||School improvement||Leadership coaching||open access||Culturally responsive schooling||Evidence-based policy||Multi-level leadership||International school development
700 _aYlimaki, Rose M.||Brunderman, Lynnette A.
856 _uhttps://library.oapen.org/bitstream/20.500.12657/50946/1/978-3-030-76837-9.pdf
942 _cEB
999 _c21099
_d21099